000 01378nam a22001817a 4500
999 _c9213
_d9213
003 AR-CdUCM
008 190327b ||||| |||| 00| 0 spa d
040 _aMUNICIPALIDAD PROVINCIAL DEL CUSCO
_cBIBLIOTECA MUNICIPAL DEL CUSCO
082 _a869.5661 /
_bSA22
100 _aSánchez, Luis Alberto,
_924451
245 _aLa literatura peruana :
_bDerrotero para una historia espiritual del peru /
260 _aAsuncion del Paraguay :
_bGuarania,
_c1951.
300 _a6 Tomos ;
_c34 cm.
505 _aContenido : t.1: Panorama cultural del Perú -- Orientación y plan -- El escenario -- El interprete -- t.2: El genio popular de la conquista -- La justificación de la conquista -- Catequistas y doctores -- t.3 : El criollo y la corte -- El barroquismo colonial y góngora -- El apogeo culterano la universidad peralta los pinelo -- t.4 : La calle la mujer y la comedia -- Caviedes satíricos y analistas -- La calle los rebeldes -- Los viajeros --t.5: Inquietud y revolución -- EL fervor revolucionario -- Bolívar y la exaltación romántica -- Del¿ la región al universo -- Germinación del liberalismo -- t.6 :La bohemia de mi tiempo -- Palma la tradición y los románticos -- Nuestro año terrible y don Manuel Gonzales Prada -- Nuestro año terrible -- Democracia y modernismo....
650 _aLiteratura Peruana
_9132
942 _2ddc
_cLIBROS
945 _awnts